LEADER 01433nam a2200265 i 4500 001 000000163695 003 CaOOAMICUS 005 20070809000000.0 008 070809s2006 it u000 u ita u 013 $a141061 040 $aSeMil$bita 100 1 $aTettamanzi, Luca.$0(OLS)http://semarc/name/61981 245 12$aL'esperienza di Aldo Moro nella Federazione Universitaria CAttolica Italiana, Presidente Nazionale dal 1939 al 1942 /$cLaureando Luca Tettamanzi ; Relatore: Chiar.mo prof. Alfredo Canavero. 260 $a[S.l. :$bs.n.],$c2006. 300 $a75, p., [5] p. di tav. :$bill. ;$c31 cm. 500 $aContiene : Bibliografia. - In testa al front : Universitą degli Studi di Milano, Facoltą di Lettere e Filosofia. - Ai pie' del front : Anno Accademico 2005/2006. - Dono del Card. Dionigi Tettamanzi. 600 14$aMoro, Aldo <1916-1978>.$0(OLS)http://semarc/subject/6668 650 4$aTesi di laurea.$0(OLS)http://semarc/subject/1690 700 1 $aCanavero, Alfredo,$d<1948- >.$0(OLS)http://semarc/name/18732 850 $aSeMil 852 $aSeMil$W1$xVenegono$y1$m4X V 29$j114989$B114989$CSeMilBibl$Z2$F126045 $8L 941 1 $a5 961 $aOmaggio: Tettamanzi Card. Dionigi 996 $6245$aL'esperienza di Aldo Moro nella Federazione Universitaria CAttolica Italiana, Presidente Nazionale dal 1939 al 1942$9(OLS)http://semarc/title/233549 996 $6260$a[S.l. :$bs.n.]$9(OLS)http://semarc/publisher/29751 LEADER 01206nam a2200265 i 4500 001 000000202791 003 CaOOAMICUS 005 20110601000000.0 008 110601s2011 it u000 u ita u 013 $a181502 020 $a978-88-10-21129-8 040 $aSeMil$bita 100 1 $aD'Alessio, Davide <1969- >.$0(OLS)http://semarc/name/36655 245 14$aUna comunitą di uomini liberi :$bsui passi del Vangelo di Giovanni /$cDavide D'Alessio. 260 $aBologna :$bEDB,$c2011. 300 $a175 p. ;$c21 cm. 490 0 $aLettura pastorale della bibbia. Sez. Bibbia e spiritualitą ;$v36 650 4$aBibbia - NT - Giovanni - Meditazioni.$0(OLS)http://semarc/subject/2538 830 0$aLettura pastorale della bibbia. Bibbia e spiritualitą ;$v36.$0(OLS)http://semarc/title/12149 850 $aSeMil 852 $aSeMil$W1$xVenegono$y1$m2YA W 58$j266542$B153290$CSeMilBibl$Z2$F164274 $81 961 $aOmaggio: D'Alessio don Davide 996 $6020$a978-88-10-21129-8$9(OLS)http://semarc/number/195817 996 $6245$aUna comunitą di uomini liberi :$bsui passi del Vangelo di Giovanni$9(OLS)http://semarc/title/293534 996 $6260$aBologna :$bEDB$9(OLS)http://semarc/publisher/29669